LEADER 02164 am 2200445 n 450 001 9910213059303321 005 20170428 010 $a2-8218-8547-4 024 7 $a10.4000/books.pup.6496 035 $a(CKB)2660000000041035 035 $a(FrMaCLE)OB-pup-6496 035 $a(oapen)https://directory.doabooks.org/handle/20.500.12854/52791 035 $a(PPN)230658164 035 $a(EXLCZ)992660000000041035 100 $a20170707j|||||||| ||| 0 101 0 $afre 135 $auu||||||m|||| 181 $ctxt$2rdacontent 182 $cc$2rdamedia 183 $acr$2rdacarrier 200 14$aLes marins d'Arles à l'époque moderne /$fPatricia Payn-Echalier 210 $aAix-en-Provence $cPresses universitaires de Provence$d2017 215 $a1 online resource (326 p.) 311 $a2-85399-655-7 330 $aLe rapprochement des mots du titre, marins et Arles, n'est probablement pas sans surprendre. Il est en effet difficile d'imaginer, pour qui connaît la cité aujourd'hui, qu'elle fut un port de mer depuis l'Antiquité jusqu'au milieu du XIXe siècle. Le temps choisi, l'époque moderne, dévoile, comment au sortir d'une période de repli sur des activités fluviales et halieutiques, les Arlésiens ont retrouvé le chemin de la mer. L'étude présentée ici s'est attachée à faire ressortir l'originalité de cette société maritime et les contours de son identité, à la fois dans ses pratiques professionnelles et dans ses mentalités. Nous avons ainsi suivi ces hommes et leurs familles au plus près de leur quotidien, dans les lieux familiers de la petite cité d'Arles encore imprégnés de leur présence. 606 $aSailors$zFrance$zArles$xHistory 606 $aHarbors$zFrance$zArles$xHistory 607 $aArles (France)$xHistory 610 $aArles 610 $ahistoire navale 610 $amarine-marchande 610 $amarin 615 0$aSailors$xHistory. 615 0$aHarbors$xHistory. 700 $aPayn-Echalier$b Patricia$0172644 801 0$bFR-FrMaCLE 906 $aBOOK 912 $a9910213059303321 996 $aLes marins d'Arles à l'époque moderne$93029888 997 $aUNINA LEADER 02313oam 2200517I 450 001 9910953215803321 005 20251117074923.0 010 $a1-135-20343-1 010 $a1-135-20344-X 010 $a1-282-37756-6 010 $a9786612377563 010 $a0-203-87092-1 024 7 $a10.4324/9780203870921 035 $a(UkCvUL)991000000000804142 035 $a(MiAaPQ)EBC460262 035 $a(CKB)1000000000804142 035 $a(EXLCZ)991000000000804142 100 $a20180706d2010 uy 0 101 0 $aeng 135 $aur|n|---||||| 181 $ctxt 182 $cc 183 $acr 200 13$aAn actor's work on a role /$fConstantin Stanislavski ; translated and edited by Jean Benedetti 205 $a1st ed. 210 1$aLondon ;$aNew York :$cRoutledge,$d2010. 215 $a1 online resource (268 p.) 300 $aDescription based upon print version of record. 311 08$a1-138-98826-X 311 08$a0-415-46129-4 320 $aIncludes bibliographical references. 327 $aBOOK COVER; TITLE; COPYRIGHT; CONTENTS; TRANSLATOR'S PREFACE; Part I Drafts 1929-1937; 1 OTHELLO 1930-1932; 2 THE GOVERNMENT INSPECTOR 1936-1937; 3 NOTEBOOKS 1936-1937; 4 THE APPROACH TO A ROLE; Part II Historic documents 1885-1923; 5 NOTEBOOKS 1885, 1911; 6 WORK ON A ROLE: SALIERI 1915; 7 WOE FROM WIT 1916-1920; 8 THE STORY OF A PRODUCTION 1923; NOTES 330 $aAn Actor's Work on a Role is Konstantin Stanislavski's exploration of the rehearsal process, applying the techniques of his seminal actor training system to the task of bringing truth to one's chosen role. Originally published over half a century ago as Creating a Role, this book was the third in a planned trilogy - after An Actor Prepares and Building a Character, now combined in An Actor's Work - in which Stanislavski sets out his psychological, physical and practical vision of actor training.This new translat 606 $aMethod acting 606 $aActing 615 0$aMethod acting. 615 0$aActing. 676 $a792.02/8 700 $aStanislavsky$b Konstantin$f1863-1938,$0254243 701 $aBenedetti$b Jean$0612093 801 0$bFlBoTFG 801 1$bFlBoTFG 906 $aBOOK 912 $a9910953215803321 996 $aAn actor's work on a role$94483752 997 $aUNINA